|
|
|
|
| LEADER |
00000naa2a2200000 4500 |
| 001 |
627772 |
| 005 |
20231101133458.0 |
| 035 |
|
|
|a (RuTPU)RU\TPU\conf\27773
|
| 035 |
|
|
|a RU\TPU\conf\27756
|
| 090 |
|
|
|a 627772
|
| 100 |
|
|
|a 20180926d2018 k y0rusy50 ca
|
| 101 |
0 |
|
|a rus
|
| 102 |
|
|
|a RU
|
| 105 |
|
|
|a y z 100zy
|
| 135 |
|
|
|a drgn ---uucaa
|
| 181 |
|
0 |
|a i
|
| 182 |
|
0 |
|a b
|
| 200 |
1 |
|
|a Роль приливных сил как триггера землетрясений, ранжированных по широтам
|f Д. Л. Чубаров
|g науч. рук. М. М. Немирович-Данченко
|
| 203 |
|
|
|a Текст
|c электронный
|
| 225 |
1 |
|
|a Геофизические методы исследования земли и поисков и разведки месторождений полезных ископаемых. Геоинформационные системы в геофизических исследованиях
|
| 230 |
|
|
|a 1 компьютерный файл (pdf; 895 Kb)
|
| 300 |
|
|
|a Заглавие с экрана
|
| 320 |
|
|
|a [Библиогр.: с. 456 (3 назв.)]
|
| 461 |
|
1 |
|0 (RuTPU)RU\TPU\conf\27247
|t Проблемы геологии и освоения недр
|o труды XXII Международного симпозиума имени академика М. А. Усова студентов и молодых ученых, посвященного 155-летию со дня рождения академика В.А. Обручева, 135-летию со дня рождения академика М.А. Усова, основателей Сибирской горно-геологической школы, и 110-летию первого выпуска горных инженеров в Сибири, Томск, 2-7 апреля 2018 г.
|o в 2 т.
|f Национальный исследовательский Томский политехнический университет, Инженерная школа природных ресурсов ; под ред. А. С. Боева
|d 2018
|
| 463 |
|
1 |
|0 (RuTPU)RU\TPU\conf\27248
|t Т. 1
|v [С. 455-456]
|d 2018
|
| 610 |
1 |
|
|a труды учёных ТПУ
|
| 610 |
1 |
|
|a электронный ресурс
|
| 610 |
1 |
|
|a приливные силы
|
| 610 |
1 |
|
|a триггеры
|
| 610 |
1 |
|
|a землетрясения
|
| 610 |
1 |
|
|a широтные зоны
|
| 610 |
1 |
|
|a мониторинг
|
| 610 |
1 |
|
|a литосферные плиты
|
| 700 |
|
1 |
|a Чубаров
|b Д. Л.
|
| 702 |
|
1 |
|a Немирович-Данченко
|b М. М.
|c геофизик
|c профессор Томского политехнического университета, доктор физико-математических наук
|f 1955-
|g Михаил Михайлович
|2 stltpush
|4 727
|
| 712 |
0 |
2 |
|a Национальный исследовательский Томский политехнический университет
|b Инженерная школа природных ресурсов
|b Отделение геологии
|h 8083
|2 stltpush
|3 (RuTPU)RU\TPU\col\23542
|
| 801 |
|
2 |
|a RU
|b 63413507
|c 20181003
|g RCR
|
| 856 |
4 |
|
|u http://earchive.tpu.ru/handle/11683/50628
|
| 942 |
|
|
|c BK
|